El sitio de donde el diablo se mudó / (Registro nro. 14248)

Detalles MARC
000 -LEADER
fixed length control field 00732nam a2200241 a 4500
001 - CONTROL NUMBER
control field
003 - CONTROL NUMBER IDENTIFIER
control field DO-SdBNP
005 - DATE AND TIME OF LATEST TRANSACTION
control field 20220824132022.0
008 - FIXED-LENGTH DATA ELEMENTS--GENERAL INFORMATION
fixed length control field 091113s1998 dr 000 f spa d
020 ## - INTERNATIONAL STANDARD BOOK NUMBER
Canceled/invalid ISBN 9768175095
040 ## - CATALOGING SOURCE
Original cataloging agency DO-SdBNP
Language of cataloging spa
Transcribing agency BPMSU
082 ## - DEWEY DECIMAL CLASSIFICATION NUMBER
Classification number RD863.44
Item number M385s,1998
Edition number 22
100 1# - MAIN ENTRY--PERSONAL NAME
Personal name Martínez Montero, Juan,
Dates associated with a name 1950-
245 13 - TITLE STATEMENT
Title El sitio de donde el diablo se mudó /
Statement of responsibility, etc. Juan Martínez Montero.
260 ## - PUBLICATION, DISTRIBUTION, ETC. (IMPRINT)
Place of publication, distribution, etc. Santo Domingo :
Name of publisher, distributor, etc. Cocolo,
Date of publication, distribution, etc. 1998
300 ## - PHYSICAL DESCRIPTION
Extent 185 p. ;
Dimensions 22 cm.
500 ## - GENERAL NOTE
General note Incluye datos biográficos del autor en la solapa de la cubierta
590 ## - LOCAL NOTE (RLIN)
Local note Inventariado, 2020/BT
650 #4 - SUBJECT ADDED ENTRY--TOPICAL TERM
Topical term or geographic name as entry element Novela dominicana
650 #4 - SUBJECT ADDED ENTRY--TOPICAL TERM
Topical term or geographic name as entry element Literatura dominicana.
910 ## - USER-OPTION DATA (OCLC)
User-option data VMateo V./Validado
942 ## - ADDED ENTRY ELEMENTS (KOHA)
Source of classification or shelving scheme Dewey Decimal Classification
Koha item type Libros
Existencias
Withdrawn status Lost status Source of classification or shelving scheme Damaged status Not for loan Collection code Home library Current library Date acquired Total Checkouts Full call number Barcode Date last seen Copy number Price effective from Koha item type
    Dewey Decimal Classification     Colección Dominicana Biblioteca Pública Metropolitana Salomé Ureña Biblioteca Pública Metropolitana Salomé Ureña 08/24/2022   RD863.44 M385s,1998 BPMSU22080040 08/24/2022 e.2 08/24/2022 Libros
    Dewey Decimal Classification     Colección Dominicana Biblioteca Pública Metropolitana Salomé Ureña Biblioteca Pública Metropolitana Salomé Ureña 08/24/2022   BPMSU CD RD863.44 M385s,1998 BPMSU22080041 08/24/2022 08/24/2022 Libros
    Dewey Decimal Classification     Colección Dominicana Biblioteca Pública Metropolitana Salomé Ureña Biblioteca Pública Metropolitana Salomé Ureña 08/24/2022   BPMSU CD RD863.44 M385s,1998 BPMSU26050095 05/21/2026 e.3 08/24/2022 Libros